[Event "BRA-ch Amateur U1800"]
[Site "Sao Paulo"]
[Date "2018.05.31"]
[Round "6"]
[White "Gauche, Joao Gabriel N Silv"]
[Black "Monteiro, Paulo De Campos Mel"]
[Result "1/2-1/2"]
[WhiteElo "1702"]
[BlackElo "1765"]
[PlyCount "73"]
[EventDate "2018.05.31"]
[EventType "swiss"]
[EventRounds "7"]
[EventCountry "BRA"]
[SourceTitle "EXT 2021"]
[Source "ChessBase"]
[SourceDate "2020.10.23"]
[SourceVersion "1"]
[SourceVersionDate "2020.10.23"]
[SourceQuality "1"]

1. d4 Nf6 2. c4 g6 3. Nc3 d5 4. cxd5 Nxd5 5. e4 Nxc3 6. bxc3 Bg7 7. Be3 c5 8. Rc1 Qa5 9. Qd2 cxd4 10. cxd4 Qxd2+ 11. Bxd2 0-0 12. Nf3 Rd8 13. Bg5 Bg4 14. d5 Nd7 15. Be2 Nf6 16. h3 Bd7 17. Nd2 h6 18. Be3 Rdc8 19. 0-0 e6 20. dxe6 Bxe6 21. a4 Nd7 22. Bc4 Bxc4 23. Rxc4 Rxc4 24. Nxc4 Bf8 25. Rb1 b6 26. a5 bxa5 27. Nxa5 Nc5 28. Nc6 a5 29. Rb5 Nxe4 30. Rxa5 Rc8 31. Bxh6 Rxc6 32. Ra8 Kh7 33. Bxf8 Rc1+ 34. Kh2 Nxf2 35. Ra2 Ne4 36. Bb4 Rc4 37. Be1 1/2-1/2

[Event "BRA-ch U16"]
[Site "Sao Paulo"]
[Date "2018.04.01"]
[Round "6"]
[White "Mendes Domingues, Ribeiro Matheus"]
[Black "Monteiro, Paulo De Campos Mel"]
[Result "0-1"]
[WhiteElo "1723"]
[BlackElo "1786"]
[PlyCount "108"]
[EventDate "2018.03.29"]
[EventType "swiss"]
[EventRounds "6"]
[EventCountry "BRA"]
[SourceTitle "EXT 2019"]
[Source "ChessBase"]
[SourceDate "2018.10.10"]
[SourceVersion "1"]
[SourceVersionDate "2018.10.10"]
[SourceQuality "1"]

1. c4 Nf6 2. Nc3 e6 3. g3 d5 4. cxd5 exd5 5. d4 Bf5 6. Bg2 c6 7. Qb3 Qb6 8. Nf3 Qxb3 9. axb3 Nbd7 10. Bg5 h6 11. Bxf6 Nxf6 12. 0-0 Bd6 13. Nh4 Bc2 14. e4 Nxe4 15. Bxe4 dxe4 16. Nxe4 Bb4 17. Ra4 a5 18. Rxb4 axb4 19. Nd6+ Kf8 20. Nxb7 g5 21. Nf3 Bxb3 22. Ne5 Bd5 23. f4 Kg7 24. fxg5 hxg5 25. Nd6 f6 26. Nf5+ Kh7 27. Nd7 Kg6 28. Ne7+ Kf7 29. Nxc6 Bxc6 30. Ne5+ Ke6 31. Nxc6 Ra2 32. d5+ Kd7 33. Rf2 b3 34. Nd4 Rb8 35. Nf5 Ra1+ 36. Kg2 Rc1 37. Ne3 Rbc8 38. h4 gxh4 39. gxh4 R1c2 40. h5 Rxf2+ 41. Kxf2 Rc2+ 42. Ke1 Rxb2 43. Ng4 Ra2 44. Nxf6+ Kd8 45. Ne4 b2 46. Nc3 Ra1+ 47. Kf2 b1Q 48. Nxb1 Rxb1 49. Kg3 Ke7 50. d6+ Kxd6 51. Kg4 Ke6 52. Kg5 Kf7 53. Kh6 Kg8 54. Kg5 Kh7 0-1

[Event "BRA-ch U16"]
[Site "Sao Paulo"]
[Date "2018.03.31"]
[Round "4"]
[White "Monteiro, Paulo De Campos Mel"]
[Black "Woichinevski, Joao Vinicius Peruc"]
[Result "1-0"]
[WhiteElo "1786"]
[BlackElo "1566"]
[PlyCount "57"]
[EventDate "2018.03.29"]
[EventType "swiss"]
[EventRounds "6"]
[EventCountry "BRA"]
[SourceTitle "EXT 2019"]
[Source "ChessBase"]
[SourceDate "2018.10.10"]
[SourceVersion "1"]
[SourceVersionDate "2018.10.10"]
[SourceQuality "1"]

1. d4 d5 2. c4 e6 3. Nf3 Nf6 4. g3 Nbd7 5. Bg2 c6 6. Qc2 Be7 7. 0-0 0-0 8. Nbd2 b6 9. Rd1 Bb7 10. e4 dxe4 11. Nxe4 Nxe4 12. Qxe4 Nf6 13. Qc2 Qc8 14. b3 c5 15. Bb2 cxd4 16. Rxd4 Nd5 17. Rd2 Nb4 18. Qc3 f6 19. a3 Na6 20. b4 e5 21. Rad1 Rd8 22. Rxd8+ Bxd8 23. Nh4 Bxg2 24. Nxg2 Qe6 25. Ne3 Be7 26. Nd5 Rd8 27. Kg2 Rc8 28. Qd3 Qc6 29. b5 1-0

[Event "Sao Paulo Carnaval op"]
[Site "Sao Paulo"]
[Date "2018.02.13"]
[Round "7"]
[White "Monteiro, Paulo De Campos Mel"]
[Black "Pritsopoulos, Constantino Demetri"]
[Result "0-1"]
[WhiteElo "1747"]
[BlackElo "1974"]
[PlyCount "54"]
[EventDate "2018.02.10"]
[EventType "swiss"]
[EventRounds "7"]
[EventCountry "BRA"]
[SourceTitle "CBM 183 Extra"]
[Source "ChessBase"]
[SourceDate "2018.04.19"]
[SourceVersion "1"]
[SourceVersionDate "2018.04.19"]
[SourceQuality "1"]

1. d4 d5 2. c4 dxc4 3. Nf3 a6 4. e3 Nf6 5. Bxc4 b5 6. Bd3 Bb7 7. 0-0 e6 8. a3 c5 9. dxc5 Bxc5 10. b4 Be7 11. Bb2 0-0 12. Qe2 Nbd7 13. Rd1 Rc8 14. Nbd2 Qc7 15. Rac1 Qb8 16. Bb1 Rfd8 17. Nb3 Bd5 18. Nfd4 Nb6 19. e4 Bc4 20. Qf3 Bd6 21. Qh3 Bf4 22. Rc3 e5 23. Rf3 exd4 24. Nxd4 Be2 25. Re1 Bxf3 26. Nf5 Bg4 27. Qh4 Bxf5 0-1

[Event "Sao Paulo Carnaval op"]
[Site "Sao Paulo"]
[Date "2018.02.11"]
[Round "4"]
[White "De Paula, Bruno Cesar Lima"]
[Black "Monteiro, Paulo De Campos Mel"]
[Result "0-1"]
[WhiteElo "1427"]
[BlackElo "1747"]
[PlyCount "87"]
[EventDate "2018.02.10"]
[EventType "swiss"]
[EventRounds "7"]
[EventCountry "BRA"]
[SourceTitle "CBM 183 Extra"]
[Source "ChessBase"]
[SourceDate "2018.04.19"]
[SourceVersion "1"]
[SourceVersionDate "2018.04.19"]
[SourceQuality "1"]

1. e4 c5 2. Nf3 Nc6 3. d4 cxd4 4. Nxd4 Nf6 5. Nc3 e5 6. Ndb5 d6 7. Bg5 a6 8. Bxf6 gxf6 9. Na3 b5 10. Nd5 f5 11. Qf3 Nd4 12. Qc3 Ra7 13. 0-0-0 Be6 14. Rxd4 Bh6+ 15. Kb1 0-0 16. Rd3 fxe4 17. Rg3+ Kh8 18. Ne3 Bf4 19. Be2 Qb8 20. Qc6 Bxg3 21. hxg3 f5 22. Nxf5 Bxf5 23. Qd5 Rd7 24. g4 Bg6 25. Qe6 Qe8 26. Qd5 Qf7 27. Qc6 Rfd8 28. Qxa6 Qxf2 29. Qxb5 Qxg2 30. Rf1 Rf7 31. Rxf7 Bxf7 32. b3 Qg1+ 33. Kb2 Qd4+ 34. c3 Qd2+ 35. Nc2 Rc8 36. Bc4 Bxc4 37. bxc4 Qf4 38. Qd7 Qf8 39. Ne3 Rb8+ 40. Kc1 Qf4 41. Qa7 Rf8 42. Kb2 Qh2+ 43. Kb3 Qg1 44. Qe7 0-1

[Event "Sao Paulo Carnaval op"]
[Site "Sao Paulo"]
[Date "2018.02.10"]
[Round "1"]
[White "Monteiro, Paulo De Campos Mel"]
[Black "Santos, Marcus Vinicius M"]
[Result "0-1"]
[WhiteElo "1747"]
[BlackElo "2402"]
[PlyCount "76"]
[EventDate "2018.02.10"]
[EventType "swiss"]
[EventRounds "7"]
[EventCountry "BRA"]
[SourceTitle "CBM 183 Extra"]
[Source "ChessBase"]
[SourceDate "2018.04.19"]
[SourceVersion "1"]
[SourceVersionDate "2018.04.19"]
[SourceQuality "1"]

1. d4 g6 2. c4 Bg7 3. e4 d6 4. Nc3 e5 5. Nge2 Ne7 6. dxe5 Bxe5 7. f4 Bg7 8. g3 h5 9. h3 Nbc6 10. Bg2 Be6 11. b3 Qd7 12. Be3 f5 13. Bf2 h4 14. gxh4 0-0-0 15. Qd2 fxe4 16. 0-0-0 Nf5 17. Bxe4 Nxh4 18. Nd4 Nxd4 19. Bxd4 a6 20. Bxg7 Qxg7 21. Rhg1 Qf6 22. Rdf1 Bxh3 23. Rf2 Bf5 24. Bxf5+ Nxf5 25. Kb1 Rde8 26. Nd5 Qf7 27. Rfg2 Re6 28. Qc3 Rhe8 29. Rh2 Ne3 30. Qd4 Qf5+ 31. Kc1 Nxd5 32. cxd5 Re4 33. Qd2 Rxf4 34. Rhg2 Rf1+ 35. Rxf1 Qxf1+ 36. Kc2 Qf6 37. Qc3 Re5 38. Qh3+ Kb8 0-1

[Event "Sao Paulo op-B U2050 6th"]
[Site "Sao Paulo"]
[Date "2017.04.14"]
[Round "1"]
[White "Monteiro, Paulo De Campos Mel"]
[Black "Pires, Washington Gabriel"]
[Result "0-1"]
[WhiteElo "1766"]
[BlackElo "1978"]
[PlyCount "118"]
[EventDate "2017.04.14"]
[EventType "swiss"]
[EventRounds "6"]
[EventCountry "BRA"]
[SourceTitle "EXT 2019"]
[Source "ChessBase"]
[SourceDate "2018.10.10"]
[SourceVersion "1"]
[SourceVersionDate "2018.10.10"]
[SourceQuality "1"]

1. d4 d5 2. c4 c6 3. Nc3 Nf6 4. Nf3 Bg4 5. Ne5 Bh5 6. Qb3 b6 7. cxd5 Nxd5 8. Nxd5 Qxd5 9. Qxd5 cxd5 10. g4 Bg6 11. Nxg6 hxg6 12. Bg2 e6 13. e4 Nc6 14. exd5 Nxd4 15. dxe6 0-0-0 16. 0-0 Bd6 17. h3 Nxe6 18. Be3 Bc5 19. Rac1 Kb8 20. Bxc5 Nxc5 21. Rfd1 Ne6 22. Re1 Rd2 23. Rb1 Rhd8 24. a4 Rc8 25. Red1 Rcc2 26. Rxd2 Rxd2 27. b4 Nf4 28. Re1 Re2 29. Rxe2 Nxe2+ 30. Kf1 Nf4 31. h4 Kc7 32. Be4 Kd6 33. f3 Ke5 34. Kf2 Kd4 35. Bc6 f6 36. Be8 g5 37. hxg5 Nd3+ 38. Kg3 fxg5 39. Bb5 Nf4 40. Kf2 Nd5 41. Be2 Nxb4 42. Kg3 Ke3 43. Bb5 Nc2 44. Bc6 Nd4 45. Bb7 b5 46. axb5 Nxb5 47. Bc6 Nc3 48. Be8 a5 49. Bf7 a4 50. Bc4 a3 51. Bf7 a2 52. Bxa2 Nxa2 53. Kg2 Nc1 54. Kg3 Ne2+ 55. Kg2 g6 56. Kh3 Kxf3 57. Kh2 Nf4 58. Kg1 Kxg4 59. Kf2 Kh3 0-1

[Event "Sao Paulo op-B U2050 6th"]
[Site "Sao Paulo"]
[Date "2017.04.14"]
[Round "2"]
[White "Silva, Marcelo dos Santos"]
[Black "Monteiro, Paulo De Campos Mel"]
[Result "1-0"]
[WhiteElo "2010"]
[BlackElo "1766"]
[PlyCount "63"]
[EventDate "2017.04.14"]
[EventType "swiss"]
[EventRounds "6"]
[EventCountry "BRA"]
[SourceTitle "EXT 2019"]
[Source "ChessBase"]
[SourceDate "2018.10.10"]
[SourceVersion "1"]
[SourceVersionDate "2018.10.10"]
[SourceQuality "1"]

1. c4 e5 2. Nc3 Nf6 3. Nf3 Nc6 4. a3 d6 5. d4 exd4 6. Nxd4 Bd7 7. g3 Nxd4 8. Qxd4 Bc6 9. Nd5 Bxd5 10. cxd5 c5 11. dxc6 bxc6 12. Bg2 d5 13. 0-0 Be7 14. Qa4 Qd7 15. Rd1 Qe6 16. Bh3 Qd6 17. Bf4 Qc5 18. Rac1 Qb5 19. Qxb5 cxb5 20. Bg2 Rd8 21. Rc7 Rd7 22. Rxd7 Nxd7 23. Bxd5 Nb6 24. Bc6+ Kf8 25. Bxb5 Bf6 26. Bb8 a5 27. Bc7 Nc8 28. Bxa5 g6 29. b4 Kg7 30. Rd7 Bb2 31. a4 h5 32. Ba6 1-0